Normal view
MARC view
Entry Topical Term
001 - CONTROL NUMBER
- control field: 16247
003 - CONTROL NUMBER IDENTIFIER
- control field: OSt
005 - DATE AND TIME OF LATEST TRANSACTION
- control field: 20220824105400.0
008 - FIXED-LENGTH DATA ELEMENTS
- fixed length control field: 220824|| aca||aabn | a|a d
040 ## - CATALOGING SOURCE
- Original cataloging agency: OSt
- Transcribing agency: OSt
150 ## - HEADING--TOPICAL TERM
- Topical term or geographic name entry element: Finance, Personal -- Study and teaching (Secondary)
670 ## - SOURCE DATA FOUND
- Source citation: Work cat.: (OSt): Ryan, Joan S; Ryan, Christie 16246, Managing your personal finances, c2006
